Quizzes
Events
Quiz Creation
Community
Videos
Private Events
Remove Ads
Sign In
Join for FREE
Feedback
Dark Mode
Quiz Categories
Sports
Geography
Music
Movies
Television
Just For Fun
Miscellaneous
History
Literature
Language
Science
Gaming
Entertainment
Religion
Holiday
For Kids
Quiz Lab
Recent
Popular Today
Quiz Kudos Today
Editor Picks
Curator Picks
Quizzes by...
Day
Popularity
Type
Ratings
Length
Year
Community
Subscriptions
Recent Discussions
Orange Saloon
Badges
Playlists
Quests
Create
Leaderboards
Showdown
Live 5
Trivia Bingo
Activity
Puzzle Library
Sporcle Events
Private Events
Virtual Trivia
Globe League
Become a Host
Pub Owners
SporcleCon
Opinionation
Our Games
Videos
Blog
Mobile Apps
Partnerships
Remove Ads and Go Orange
Feedback
Geography
Country
Landmarks
City
State
Population
World
Capital
Continent
Flags
Europe
Africa
Asia
South America
North America
Oceania
Border
Canada
United Kingdom
Topography
United States
Geography
Country
Landmarks
City
State
Population
World
Capital
Continent
Flags
Europe
Africa
Asia
South America
North America
Oceania
Border
Canada
United Kingdom
Topography
United States
Random Quiz
Search Sporcle
×
Quiz Lab
Quiz Lab
Geography
Slovenia
Click on answers out of a set of options
Click on answers out of a set of options
Multiple Choice
Best Score? Go Orange.
Facts About Slovenia - Multiple Choice Stats
Can you choose the correct facts about Slovenia ?
By
sanja001
90s
10 Questions
61 Plays
61 Plays
61 Plays
Comments
Comments
Give Quiz Kudos
Give Quiz Kudos
-
- Ratings
hide this ad
Random Order
Randomize order of answers
Randomize order of answers
Replay
Link that replays current quiz
Next Quiz
Link to next quiz in quiz playlist
You Got
0%
They Got
Avg Score
76%
Avg Friend Score
Upgrade to see
Score Distribution
Jump to the score distribution portion of the page
Score
0/10
Timer
01:30
0
Plays Today
Question
Answer
Wrong Answers
What is the capital of Slovenia?
Ljubljana
86.9%
Maribor
0%
Celje
3.3%
Koper
0%
What is the official language of Slovenia?
Slovenian
86.9%
Croatian
3.3%
Serbian
3.3%
Yugoslavian
1.6%
The majority of Slovenian population is...?
Catholic
85.2%
Orthodox
1.6%
Muslim
4.9%
Lutheran
0%
Which color is not on the Slovenian flag?
Green
85.2%
Red
3.3%
Blue
0%
White
3.3%
What is the currency of Slovenia?
Euro
82%
Tolar
4.9%
Dinar
3.3%
Kuna
1.6%
How many countries border Slovenia?
4
78.7%
5
9.8%
3
3.3%
6
3.3%
How many people approximately live in Slovenia?
2 million
68.9%
3 million
14.8%
5 million
3.3%
1 million
4.9%
What food is NOT traditionally Slovenian?
Sarma
67.2%
Kranjska klobasa
8.2%
Prekmurska gibanica
1.6%
Potica
11.5%
Who was the first president of Republic of Slovenia?
Milan Kučan
63.9%
Janez Drnovšek
13.1%
Danilo Turk
3.3%
Borut Pahor
13.1%
In what sport did the Slovenian National Team won the European championship in 2017?
Basketball
62.3%
Soccer
4.9%
Handball
14.8%
Volleyball
4.9%
Quiz Playlist
Details
Report
Send in Message
Add To Playlist
Multiple Choice:
Click on answers out of a set of options
Random Order:
Randomize order of answers
Last Updated: Nov 28, 2017
Quiz Scoreboard
CHALLENGE
Sign Up to Join the Scoreboard
Show All
Scores
Hide
Comments
May contain spoilers
Recently Published
1-10 Letter E Words III
by El_Dandy
Language
2m
One Thing in Common: World Cities II
by knightlancer
Geography
7m
Popular People in 1961
by mucciniale
History
6m
More to Explore
Quiz From the Vault
Featured Blog Post
Where Did the Easter Bunny Come From?
hide this ad
You Might Also Like...
Tags
multiple
Slovenia
Today's Top Quizzes in Geography
Browse Geography
hide this ad
Today's Top Quizzes in Slovenia
Browse Slovenia
Top Contributed Quizzes in Geography
1
Countries of the World - No Outlines Minefield
2
Top 25 Cities of France on a map
3
African Flag Reveal XLV
4
Closest Countries to UK A-Z
5
Blind Secret Country CLXXXVIII
6
Find the US States - No Outlines
7
One Thing in Common: Asia
8
One Thing in Common: United Kingdom
9
One Thing in Common: Geography
10
One Thing in Common: Around the World
Explore More
Trending Topics
Kpop
NBA
Disney
Crossword
Marvel
Anime
Harry Potter
WWE
Puzzle
Song
Pokémon
NFL
Soccer
Country
The Office
hide this ad
More By:
sanja001
Quiz
Plays
Rating
Category
Featured
Created
Facts About Slovenia - Multiple Choice
61
3.50
Geography
Nov 28, 2017
Go to Creator's Profile
Score Distribution
Quiz Creator Spotlight
sanja001
Follow
Send a Message
Quizzes Created
-
Created Quiz Play Count
-
More By This Creator
Popular Quizzes Today
1
Find the US States - No Outlines Minefield
2
The Countries of the World
3
Popular People in 1961
4
Find the Countries of Europe - No Outlines Minefield
5
1-10 Letter E Words III
6
Find the US States
7
One Thing in Common: World Cities II
8
US States
More Geography Quizzes
4-Letter Country Match-Up
Published
Trending Quizzes
1-10 Letter F Words
1-10 Letter G Words
Risky Map Clicking: Next State Alphabetically
1-10 Letter F Words II
Risky Map Clicking: States by Unique Starting Letters
Recently Updated
Leaping Animals
pecheneg
Reality TV Shows (A-Z)
bhenderson79
Rickey Henderson's Hall of Fame Teammates
pecheneg
Champions League XIs: Arsenal
pecheneg
Quick Pick: Celebrities in WWE's Hall of Fame
aduchscher
A-Z Keypad Blitz II
pecheneg
Multiple Oscar Actors
pecheneg
Mystery Phrase Blitz: Oscar 'Best Actors'
pecheneg
F. Scott Fitzgerald Novels
LTH
Pick 3 Villains
ddd62291
Trending Topics
Disney
Crossword
NBA
Marvel
Anime
Harry Potter
Kpop
Country
The Office
Soccer
WWE
Song
Puzzle
NFL
Pokémon
Your Account Isn't Verified!
In order to create a playlist on Sporcle, you need to verify the email address you used during registration. Go to your
Sporcle Settings
to finish the process.
Report this User
Report this user for behavior that violates our
Community Guidelines
.
Details:
Send Report
Go to the Sporcle.com Mobile Site →
Comments